000 00811nam a22002657a 4500
999 _c307233
_d307233
001 21041
003 UA-OsUOA
005 20191115101729.0
007 ta
008 20031113b un ||||| |||| 00| 0 ukr d
020 _a5325004611
040 _aUA-OsUOA
_bukr
_cUA-OsUOA
_dUA-OsUOA
041 _aukr
044 _aUA
080 _a94 (477).075
090 _a94 (477).075
_bК64
100 _aКонквест Р.
245 _aЖнива скорботи: радянська колективізація і голодомор
260 _aК.
_bЛибідь
_c1993
300 _a384 с.
_bІлюстрації
650 7 _a9 Географія. Біографії. Історія
_2UDC
942 _cBK
_2udc
955 _a1